| 000 | 00445nam a22001217a 4500 | ||
|---|---|---|---|
| 008 | 230612b xxu||||| |||| 00| 0 eng d | ||
| 082 |
_a100001568 _b352.4 |
||
| 245 |
_aThe Appropriation Accounts, other Public Accounts details including Accounts of the Funds of the Republic of Kenya for the Year 2008/2009 _cGovernment of Kenya |
||
| 260 |
_aKenya _bGovernment of Kenya _c2009 |
||
| 300 | _a566 p | ||
| 710 | _bGovernment of Kenya | ||
| 942 |
_2ddc _cBK |
||
| 999 |
_c1053 _d1053 |
||